Encyclopedia of psychic disorders. 6V. V1- Depression. V2- Learning disabilities. V3- Mental health. V4- Phobias, fears, and anxieties. V5- Sleep and sleep disorders. V6- Suicide (Record no. 136380)

MARC details
000 -LEADER
fixed length control field 00471nam a2200133Ia 4500
008 - FIXED-LENGTH DATA ELEMENTS--GENERAL INFORMATION
fixed length control field 230917s9999||||xx |||||||||||||| ||und||
040 ## - CATALOGING SOURCE
-- 170367
Original cataloging agency VIVEKANANDA LIBRARY
041 ## - Language
-- English
082 ## - DDC NUMBER
Classification number 616.89 E19E
245 #0 - TITLE STATEMENT
Title Encyclopedia of psychic disorders. 6V. V1- Depression. V2- Learning disabilities. V3- Mental health. V4- Phobias, fears, and anxieties. V5- Sleep and sleep disorders. V6- Suicide
260 ## - PUBLICATION, DISTRIBUTION, ETC. (IMPRINT)
Place of publication, distribution, etc New Delhi
Name of publisher, distributor, etc Viva Books
Date of publication, distribution, etc 2004
300 ## - PHYSICAL DESCRIPTION
Pages v. p.
942 ## - ADDED ENTRY ELEMENTS (KOHA)
Koha item type Books
Holdings
Withdrawn status Lost status Damaged status Not for loan Location (home branch) Sublocation or collection (holding branch) Date acquired Koha issues (times borrowed) Koha full call number Accession No. Koha date last seen Koha item type
        VIVEKANANDA LIBRARY VIVEKANANDA LIBRARY 04/12/2010   616.89 E19E 237286 17/09/2023 Books
        VIVEKANANDA LIBRARY VIVEKANANDA LIBRARY 04/12/2010   616.89 E19E 237287 17/09/2023 Books
        VIVEKANANDA LIBRARY VIVEKANANDA LIBRARY 04/12/2010   616.89 E19E 237288 17/09/2023 Books
        VIVEKANANDA LIBRARY VIVEKANANDA LIBRARY 04/12/2010   616.89 E19E 237289 17/09/2023 Books
        VIVEKANANDA LIBRARY VIVEKANANDA LIBRARY 04/12/2010   616.89 E19E 237290 17/09/2023 Books
        VIVEKANANDA LIBRARY VIVEKANANDA LIBRARY 04/12/2010   616.89 E19E 237291 17/09/2023 Books
© Designed and Maintained by Vivekananda Library, MDU Rohtak